|
|
|
|
| LEADER |
00000nab a2200000 a 4500 |
| 001 |
vtls000832827 |
| 003 |
SK-MaSNL |
| 005 |
20260304124853.0 |
| 008 |
250429c2003 xo 0 slo |
| 015 |
|
|
|a SNBRB2003/04-12507
|
| 035 |
|
|
|a CLN000184482
|
| 035 |
|
|
|a urn:nbn:sk:snk-abq0d
|
| 035 |
|
|
|a (urnnbn)urn:nbn:sk:snk:ar-a03sig
|
| 035 |
|
|
|a (uuid)cc65f4b5-ac28-4fd6-a507-3128e84932d8
|
| 040 |
|
|
|a SNKBUCL
|b slo
|c SNKBUCL
|e AACR2
|
| 041 |
0 |
|
|a slo
|
| 044 |
|
|
|a xo
|c SK
|
| 080 |
|
|
|a 576.895.1(437.6):599.742.1
|2 1997
|
| 080 |
|
|
|a 619:616.995.1(437.6)
|2 1997
|
| 080 |
|
|
|a 639.113.1.09(437.6)
|2 1997
|
| 080 |
|
|
|a 591.67(437.6)
|2 1997
|
| 245 |
0 |
0 |
|a Úloha líšok hrdzavých pri šírení helmintozoonóz
|c P. Dubinský ... [et al.]
|
| 300 |
|
|
|b Mp., obr., tab.
|
| 504 |
|
|
|a Res. angl.
|
| 650 |
0 |
7 |
|a helmintozoonózy
|2 snkbucl
|9 1436632
|
| 650 |
0 |
7 |
|a líška obyčajná
|2 snkbucl
|9 68267
|
| 650 |
0 |
7 |
|a Trichinella
|2 snkbucl
|9 1358383
|
| 650 |
0 |
7 |
|a Echinococcus multilocularis
|2 snkbucl
|9 19989
|
| 650 |
0 |
7 |
|a Toxocara canis
|2 snkbucl
|9 1436633
|
| 655 |
|
7 |
|a články z novín a časopisov
|2 snkbucl
|9 267496
|
| 700 |
1 |
|
|a Dubinský, Pavol,
|d 1939-
|4 aut
|9 115597
|
| 700 |
1 |
|
|a Miterpáková, Martina
|4 aut
|9 480770
|
| 700 |
1 |
|
|a Hurníková, Zuzana
|4 aut
|9 79924
|
| 700 |
1 |
|
|a Tomašovičová, O.
|4 aut
|9 777994
|
| 700 |
1 |
|
|a Reiterová, Katarína,
|d 1951-
|4 aut
|9 12914
|
| 700 |
1 |
|
|a Várady, Marián,
|d 1966-
|4 aut
|9 222257
|
| 700 |
1 |
|
|a Šnábel, Viliam,
|d 1964-
|4 aut
|9 9877
|
| 700 |
1 |
|
|a Turčeková, Ľudmila,
|d 1949-
|4 aut
|9 132286
|
| 700 |
1 |
|
|a Königová, Alžbeta,
|d 1973-
|4 aut
|9 222260
|
| 700 |
1 |
|
|a Machková, N.
|4 aut
|9 1177255
|
| 773 |
0 |
|
|t Slovenský veterinársky časopis
|g Roč. 28, č. 1 (2003), s. 28-32
|x 1335-0099
|
| 850 |
|
|
|a Slovenská národná knižnica
|
| 852 |
|
|
|a Slovenská národná knižnica
|
| 954 |
|
|
|a odborná, vedecká literatúra pôvodná (slovenská)
|2 lita
|
| 958 |
|
|
|a article27
|
| 958 |
|
|
|a MI
|
| 958 |
|
|
|a SK
|
| 958 |
|
|
|a OND
|
| 958 |
|
|
|a EUIPO
|
| 992 |
|
|
|a RBX
|
| 999 |
|
|
|c 2892467
|d 2894397
|